| 000 | 00943nam a22002297a 4500 | ||
|---|---|---|---|
| 003 | OSt | ||
| 005 | 20260511084945.0 | ||
| 008 | 260511b |||||||| |||| 00| 0 eng d | ||
| 020 | _a9780415070317 | ||
| 040 | _aKenya National Library Service | ||
| 082 | _a069.5 HOO | ||
| 100 |
_aHooper- GreenHill, Eilean _eauthor. |
||
| 245 |
_aMuseums and the shaping of knowledge / _cEilean Hooper-Greenhill |
||
| 300 |
_a232 pages : _bcolour illustrations, _c23 cm. |
||
| 520 | _aDrawing on numerous case studies, Hooper-Greenhill presents a critical survey of major changes in current assumptions about the nature of museums, and proves that museums are consciously organizing their spaces and collections to aid self-learning. | ||
| 650 | _aMuseums - management | ||
| 650 | _aMuseum techniques | ||
| 650 | _aMuseums- educational aspects | ||
| 942 |
_2ddc _cBK _n0 |
||
| 999 |
_c492636 _d492636 |
||